000 01576nam0a2200421 4500
001 RU\NLR\bibl\286358
005 20260406052726.0
010 _a5-85009-726-0
_912000
021 _aRU
_b2002-10182
_9506
035 _a(NLR Aleph) 000281779
090 _a1648997
_c1648997
100 _a20020703d2001 |||y0rusy50 ca
101 0 _arus
102 _aRU
105 _aa |||||||||
200 1 _aБиолокация, фэн-шуй и здоровье
_eПракт. пособие
_fО. А. Красавин, Ю. Н. Жирнов
205 _a[2-е изд.]
210 _aМ.
_cСовет. спорт
_d2001
215 _a189, [1]с.
_cил.
_d20
320 _aБиблиогр.: с. 165
606 0 _aБиолокация
_jРуководства, пособия и т.п.
_xПрименение в медицине
_92068280
_3RU\NLR\auth\661242915
606 0 _aЗдоровье
_jРуководства, пособия и т.п.
_xВлияние фэн-шуй
_92211826
_3RU\NLR\auth\661328653
610 0 _aФэн-Шуй
610 0 _aБиолокация
675 _a159.961
_v3
_zrus
686 _a15
_2rugasnti
686 _a88.6
_2rubbk
686 _aР359.11я7
686 _aР358.9я7
700 1 _4070
_8rus
_7ca
_aКрасавин
_bО. А.
_gОлег Алексеевич
_3RU\NLR\AUTH\777634
_9117567
701 1 _aЖирнов
_bЮ. Н.
_gЮрий Николаевич
_4070
801 0 _aRU
_bRKP
_c20020703
_gPSBO
801 1 _aRU
_bRKP
_c20020703
801 2 _aRU
_bNLR
_c20020820
_grcr
942 _cBOOK
980 _aNB